Les 10 nombres et lettres de la bataille navale en 15 secondes - Statistiques

Statistiques générales
  • Ce quiz a été pris 61 fois
  • Le résultat moyen est 18 sur 20
Statistiques - réponses
Réponse % Correct
A
96%
B
94%
E
94%
C
91%
D
91%
F
91%
J
91%
1
89%
2
89%
6
89%
G
89%
I
89%
5
87%
7
87%
8
87%
H
87%
3
85%
4
85%
9
85%
10
79%
Aucun quiz correspondant
Distribution des résultats
% des personnes avec chaque résultat
Percentile par nombre de réponses
Votre historique - résultats
Vous n’avez pas pris ce quiz